Statistiche per Nomi dei calciatori - Quiz n°64

Clicka qui per fare il quiz!

Statistiche generali

  • Questo quiz è stato fatto 12 volte
  • Il punteggio medio è 8 su 10

Statistiche sulle risposte

HintRisposta% Corretto
PellèGraziano
100%
PaloschiAlberto
88%
FrattesiDavide
88%
DenisGermán
88%
KumbullaMarash
88%
MauriStefano
88%
TrippierKieran
75%
GonzálezNicolás
75%
OkakaStefano
75%
FuchsChristian
25%

Distribuzione punteggi

Percentile per numero di risposta

Percentuale di utenti per punteggio

I tuoi punteggi nel tempo

Non hai fatto questo quiz